000 00633nam a2200229Ia 4500
003 OSt
005 20221007065307.0
006 a|||||r|||| 00| 0
007 ta
008 221006b |||||||| |||| 00| 0 eng d
024 _a1,995
037 _cTextual
040 _aFLL
_cFLL
_beng
041 _2eng
_aeng
082 _aY1:45:6, L6
100 _aSirohi J.S. Au.
_9686811
245 0 _aStrategy for crime prevention
260 _aDelhi
_bUniversity book house India
_c1976
650 _aStategy for crime prevention
_9686812
942 _hY1:45:6, L6
_cTEXL
_2CC
999 _c1136905
_d1136905